000 01165nac a22003737a 4500
001 BR0705635
003 BR-BrBNA
005 20240105123513.0
008 230509b bl.|||m| |||| 00| 0 por d
040 _aBR-BrBNA
_bpor
_cBiblioteca Nacional de Agricultura
072 _aF30
090 _a0120 BR0705635
100 1 _aSantos, M.X. dos
100 1 _aGama, E.E.G. e
100 1 _aParentoni Netto, S.
100 1 _aGuimarães, P.E.O.
100 1 _aPacheco, C.A.P.
100 1 _aWinkler, E.I.
100 1 _aVieira Junior, P.A.
100 1 _aCorrea, L.A.
100 1 _aMeirelles, W.F.
110 1 _aCentro Nacional de Pesquisa de Milho e Sorgo, Sete Lagoas, MG (Brasil)
_91790
245 1 _aBRS 4150 - Variedade de milho para a região sul
260 3 _aSete Lagoas, MG (Brasil):
_c1999.
300 _a4 p.
490 _aComunicado Técnico - Centro Nacional de Pesquisa de Milho e Sorgo (Brazil)
_vno. 13
_xISSN 0101-5605
650 _aMILHO
650 _aVARIEDADE
650 _aPRODUÇÃO AGRÍCOLA
650 _aAGRICULTURA FAMILIAR
650 _aPRODUTOR
909 _a202312
_bLúcia Elande
_c55
_dLúcia Elande
942 _2AGRIS
_n0
_cMS
999 _c295764
_d295764